| 000 | 01156nam a2200253 a 4500 | ||
|---|---|---|---|
| 001 | 000043528 | ||
| 005 | 20260305073956.0 | ||
| 008 | 140324s2003 dr ad 000 0 spa d | ||
| 020 | _a9993403636 | ||
| 040 |
_aDO-SdBNP _bspa _cBNPHU |
||
| 082 |
_a553.282 _bP497i |
||
| 245 | 0 | 3 |
_aEl petróleo y su incidencia en la economía y el desarrollo de la República Dominicana / _cLeonel Fernández Reyna ... [et al.]. |
| 260 |
_aSanto Domingo : _bFUNGLODE, _c2003. |
||
| 300 |
_a283 p. : _bil., gráfcs. ; _c24 cm. |
||
| 490 | 1 |
_aEnergía _v1 |
|
| 500 | _aIncluye las ponencias y trabajos presentados en el Seminario "El petróleo y su incidencia en la economía y el desarrollo de la República Dominicana", celebrado del 13-15 de febrero del 2001, en FUNGLODE. | ||
| 650 | 4 |
_aPetróleo _zRepública Dominicana _xCongresos, conferencias, etc. _971278 |
|
| 650 | 4 |
_aHidrocarburos _921565 |
|
| 650 | 4 |
_aRecursos energéticos renovables _zRepública Dominicana _921566 |
|
| 700 | 1 | 2 |
_aFernández, Leonel, _d1953- _97291 |
| 710 | 2 |
_aFundación Global Democracía y Desarrollo _925477 |
|
| 830 | 0 |
_aEnergía _n1 _971279 |
|
| 910 | _aValidado. Control de la calidad EMS | ||
| 999 |
_c43017 _d43017 |
||